[Event "Bayern-chTT (LL Nord)"]
[Site "Bayern 2008/09"]
[Date "2008.10.05"]
[Round "1.2"]
[White "Werner, Claus"]
[Black "Haag, Wolfgang"]
[Result "1-0"]
[WhiteElo "2197"]
[BlackElo "2160"]
[PlyCount "140"]
[EventDate "2009.03.??"]
[EventType "team-tourn"]
[EventRounds "9"]
[WhiteTeam "Neutraubling 1"]
[BlackTeam "Schweinfurt 1"]

1. d4 Nf6 2. c4 g6 3. Nc3 Bg7 4. e4 d6 5. Be2 O-O 6. Bg5 c5 7. d5 a6 8. Qd2 Qa5
9. a4 b5 10. cxb5 axb5 11. Bxb5 Ba6 12. Ra3 Qb4 13. Nge2 Bxb5 14. axb5 Rxa3 15.
bxa3 Qxa3 16. O-O Nbd7 17. Rb1 Nb6 18. Qc2 Ra8 19. h3 Kf8 20. e5 dxe5 21. Rd1
Rd8 22. Bxf6 Bxf6 23. Ne4 c4 24. N2c3 Bg7 25. g4 h6 26. h4 Kg8 27. g5 Qb3 28.
Qd2 hxg5 29. hxg5 Qa3 30. Qc2 Qa8 31. d6 exd6 32. Nxd6 Qf3 33. Nce4 Qg4+ 34.
Kf1 Qe6 35. Rd2 Ra8 36. Rd1 Ra3 37. Qe2 Rh3 38. Kg2 Rh4 39. Rh1 Rxh1 40. Kxh1
Qh3+ 41. Kg1 Qd3 42. Qxd3 cxd3 43. Kf1 Kf8 44. Ke1 Ke7 45. Kd2 f5 46. gxf6+
Bxf6 47. Kxd3 Bh4 48. Nc4 Nd7 49. Ne3 Ke6 50. Kc4 Be7 51. Nd5 Ba3 52. b6 Kf5
53. Kd3 Ke6 54. Nc7+ Ke7 55. b7 Nb8 56. Kc4 Kd7 57. Nb5 Kc6 58. Nxa3 Kxb7 59.
Kd5 Nc6 60. Nc5+ Kc7 61. Nc4 Nb4+ 62. Ke4 Kc6 63. Nd3 Nc2 64. Ncxe5+ Kd6 65.
Nxg6 Ke6 66. Ngf4+ Kf6 67. Nd5+ Ke6 68. Nc3 Kf6 69. f4 Ke6 70. f5+ Kf7 1-0

[Event "Bayern-chTT (LL Nord)"]
[Site "Bayern 2008/09"]
[Date "2008.10.05"]
[Round "1.3"]
[White "Huemmer, Bernd"]
[Black "Wutz, Christoph"]
[Result "0-1"]
[WhiteElo "2145"]
[BlackElo "2145"]
[PlyCount "80"]
[EventDate "2009.03.??"]
[EventType "team-tourn"]
[EventRounds "9"]
[WhiteTeam "Schweinfurt 1"]
[BlackTeam "Neutraubling 1"]

1. d4 d5 2. Nf3 c6 3. c3 Nf6 4. Bf4 e6 5. Nbd2 Be7 6. e3 b6 7. Ne5 Bb7 8. Bd3
Nbd7 9. Qb1 c5 10. O-O O-O 11. b4 Qc8 12. b5 h6 13. h3 Bd8 14. Re1 Bc7 15. g4
Nxe5 16. Bxe5 Bxe5 17. dxe5 Nd7 18. f4 f6 19. exf6 Rxf6 20. Rf1 Qc7 21. Qe1
Raf8 22. Qh4 c4 23. Bc2 Qc5 24. Rae1 Rxf4 25. Rxf4 Rxf4 26. Qd8+ Nf8 27. Qb8
Rf7 28. Bg6 Rd7 29. Rf1 Bc8 30. Bc2 Qxe3+ 31. Rf2 Rf7 32. Qh2 Nd7 33. Nf1 Qc5
34. Qg3 Rxf2 35. Qxf2 Qxf2+ 36. Kxf2 Nc5 37. Ke3 e5 38. Ng3 Kf7 39. Bf5 Bxf5
40. Nxf5 Ne4 0-1

[Event "Bayern-chTT (LL Nord)"]
[Site "Bayern 2008/09"]
[Date "2008.10.05"]
[Round "1.4"]
[White "Gegenfurtner, Juergen"]
[Black "Dey, Jan-Marten"]
[Result "1/2-1/2"]
[WhiteElo "2089"]
[BlackElo "2213"]
[PlyCount "133"]
[EventDate "2009.03.??"]
[EventType "team-tourn"]
[EventRounds "9"]
[WhiteTeam "Neutraubling 1"]
[BlackTeam "Schweinfurt 1"]

1. e4 Nf6 2. e5 Nd5 3. c4 Nb6 4. c5 Nd5 5. Bc4 e6 6. Nc3 Nxc3 7. bxc3 b6 8. d4
bxc5 9. Qg4 d5 10. Bd3 Ba6 11. Bxa6 Nxa6 12. Nf3 cxd4 13. O-O Nc5 14. Bg5 h5
15. Qxd4 Be7 16. c4 O-O 17. cxd5 exd5 18. Bxe7 Qxe7 19. Rac1 Ne6 20. Qxd5 Rad8
21. Qe4 c5 22. h4 g6 23. Rfe1 Rd7 24. Ng5 Rd4 25. Qc6 Rxh4 26. Nxe6 Qxe6 27.
Qxe6 fxe6 28. Rxc5 Ra4 29. Re2 Ra6 30. Rd2 g5 31. f3 Kg7 32. Rd6 Rxd6 33. exd6
Kf6 34. Rc7 Rd8 35. d7 a6 36. Ra7 Ke7 37. Rxa6 Rxd7 38. Ra5 Kf6 39. Kf2 Rd2+
40. Kg3 Rc2 41. a4 Ra2 42. Ra8 Kg6 43. a5 Kf6 44. a6 Kg7 45. a7 e5 46. Kh2 Kh7
47. Kg1 g4 48. fxg4 hxg4 49. Kh2 Ra3 50. Re8 Rxa7 51. Rxe5 Kg6 52. Kg3 Ra4 53.
Kh4 Kh6 54. Re6+ Kg7 55. Kg5 g3 56. Re7+ Kg8 57. Re3 Ra5+ 58. Kf4 Kg7 59. Kxg3
Kg6 60. Kh4 Ra6 61. Rb3 Ra4+ 62. g4 Ra6 63. Rb8 Rc6 64. Rg8+ Kh7 65. Re8 Kg6
66. Kg3 Rc4 67. Ra8 1/2-1/2

[Event "Bayern-chTT (LL Nord)"]
[Site "Bayern 2008/09"]
[Date "2008.10.05"]
[Round "1.5"]
[White "Oechslein, Rainer"]
[Black "Dietrich, Reinhard(70)"]
[Result "1-0"]
[WhiteElo "2128"]
[BlackElo "2049"]
[PlyCount "75"]
[EventDate "2009.03.??"]
[EventType "team-tourn"]
[EventRounds "9"]
[WhiteTeam "Schweinfurt 1"]
[BlackTeam "Neutraubling 1"]

1. e4 e6 2. d3 d5 3. Nd2 Nf6 4. Ngf3 Bc5 5. e5 Nfd7 6. d4 Be7 7. Bd3 c5 8. c3
Nc6 9. Qe2 a5 10. O-O cxd4 11. cxd4 g5 12. b3 h5 13. Bb2 g4 14. Ne1 Qb6 15. Nc2
Rg8 16. Kh1 Nf8 17. f4 Bd7 18. f5 Bg5 19. Nb1 O-O-O 20. Nc3 Ne7 21. fxe6 fxe6
22. Ba3 Nfg6 23. Bc5 Qc7 24. Na3 Rdf8 25. Nab5 Bxb5 26. Nxb5 Qd7 27. Bxg6 Rxf1+
28. Rxf1 Nxg6 29. Rf7 Be7 30. a4 Qd8 31. Qc2 Kb8 32. Bd6+ Bxd6 33. Nxd6 Ne7 34.
Qc5 b6 35. Qb5 Qc7 36. b4 Ka7 37. bxa5 bxa5 38. Qc5+ 1-0

[Event "Bayern-chTT (LL Nord)"]
[Site "Bayern 2008/09"]
[Date "2008.10.05"]
[Round "1.6"]
[White "Werner, Holger(72)"]
[Black "Seidens, Udo"]
[Result "0-1"]
[WhiteElo "1824"]
[BlackElo "2127"]
[PlyCount "78"]
[EventDate "2009.03.??"]
[EventType "team-tourn"]
[EventRounds "9"]
[WhiteTeam "Neutraubling 1"]
[BlackTeam "Schweinfurt 1"]

1. e4 g6 2. Nc3 Bg7 3. g3 d6 4. Bg2 Nc6 5. d3 Nf6 6. h3 Nd4 7. Be3 c5 8. Nge2
e5 9. O-O O-O 10. f4 b5 11. Qd2 b4 12. Nd1 Nh5 13. Kh2 Nxe2 14. Qxe2 exf4 15.
gxf4 Rb8 16. Qf2 Bb7 17. d4 Re8 18. dxc5 Bxe4 19. a3 a5 20. axb4 Bxg2 21. Qxg2
Rxb4 22. Qd5 Qh4 23. Rf3 Rxf4 24. cxd6 Rxf3 25. Qxf3 Be5+ 26. Kg2 Bxd6 27. Rxa5
Qe7 28. Ra4 Qe5 29. Ra7 Qh2+ 30. Kf1 Ng3+ 31. Ke1 Nf5 32. Kf1 Bc5 33. Ra8 Rxa8
34. Qxa8+ Kg7 35. Qf3 Qxc2 36. Bxc5 Qxc5 37. Nc3 Qc4+ 38. Ke1 Qh4+ 39. Kd2 Qg5+
0-1

[Event "Bayern-chTT (LL Nord)"]
[Site "Bayern 2008/09"]
[Date "2008.10.05"]
[Round "1.7"]
[White "Rink, Christian"]
[Black "Langensteiner, Matthias Dr"]
[Result "1/2-1/2"]
[WhiteElo "2063"]
[BlackElo "1887"]
[PlyCount "65"]
[EventDate "2009.03.??"]
[EventType "team-tourn"]
[EventRounds "9"]
[WhiteTeam "Schweinfurt 1"]
[BlackTeam "Neutraubling 1"]

1. d4 Nf6 2. c4 g6 3. Nc3 d5 4. Nf3 Bg7 5. Qa4+ c6 6. cxd5 Nxd5 7. e4 Nxc3 8.
bxc3 O-O 9. Be2 c5 10. O-O Nc6 11. Be3 cxd4 12. cxd4 Bd7 13. Qb3 Na5 14. Qa3 b6
15. Rac1 Bg4 16. Rfd1 Re8 17. h3 Bxf3 18. Bxf3 Rc8 19. Qa4 e6 20. Bf4 Rxc1 21.
Bxc1 Qb8 22. Bd2 Nb7 23. e5 Rc8 24. Rc1 Rxc1+ 25. Bxc1 Na5 26. Qd7 Nc4 27. Bb7
Bf8 28. f4 b5 29. Qxb5 Nb6 30. Qc6 Qd8 31. Be3 Nd5 32. Kf2 Qh4+ 33. Kf3 1/2-1/2

[Event "Bayern-chTT (LL Nord)"]
[Site "Bayern 2008/09"]
[Date "2008.10.05"]
[Round "1.8"]
[White "Schmalz, David"]
[Black "Ehrler, Eberhard"]
[Result "1/2-1/2"]
[WhiteElo "1781"]
[BlackElo "2077"]
[PlyCount "69"]
[EventDate "2009.03.??"]
[EventType "team-tourn"]
[EventRounds "9"]
[WhiteTeam "Neutraubling 1"]
[BlackTeam "Schweinfurt 1"]

1. e4 d6 2. d4 Nf6 3. Nc3 g6 4. Bg5 Bg7 5. e5 Nfd7 6. Nd5 Nc6 7. Bb5 f6 8. exf6
Nxf6 9. Qf3 O-O 10. Bxc6 bxc6 11. Nxf6+ exf6 12. Be3 Rb8 13. b3 Bb7 14. Ne2 Re8
15. h4 Qe7 16. h5 Qe4 17. Qxe4 Rxe4 18. hxg6 hxg6 19. O-O-O Kf7 20. c3 Rh8 21.
Rxh8 Bxh8 22. Rh1 Bg7 23. Kd2 Re8 24. f3 Rh8 25. Rxh8 Bxh8 26. c4 f5 27. Bg5
Bf6 28. Bxf6 Kxf6 29. c5 Ba6 30. Nc3 f4 31. Ne4+ Ke6 32. cxd6 cxd6 33. g3 fxg3
34. Nxg3 c5 35. Kc3 1/2-1/2

[Event "Bayern-chTT (LL Nord)"]
[Site "Bayern 2008/09"]
[Date "2008.10.05"]
[Round "1.1"]
[White "Promyshlyanskiy, Vitaliy"]
[Black "Tran, Phat"]
[Result "1/2-1/2"]
[WhiteElo "2201"]
[BlackElo "2235"]
[PlyCount "96"]
[EventDate "2009.03.??"]
[EventType "team-tourn"]
[EventRounds "9"]
[WhiteTeam "Erlangen-SC 1"]
[BlackTeam "Nürnberg-NT 2"]

1. e4 c5 2. Nc3 Nc6 3. f4 g6 4. Nf3 Bg7 5. Bc4 e6 6. O-O Nge7 7. Qe1 O-O 8. e5
d6 9. exd6 Nf5 10. d3 Nxd6 11. Bb3 b6 12. Bd2 Bb7 13. Rd1 Qe7 14. Ne5 Nd4 15.
Ne2 N6f5 16. Nxd4 Nxd4 17. Bc3 Nf5 18. Rd2 Rad8 19. Re2 Bd5 20. g4 Nd4 21. Bxd4
Bxb3 22. axb3 Rxd4 23. Rf3 Qb7 24. Qg3 b5 25. g5 Bxe5 26. Rxe5 c4 27. c3 Rxd3
28. Rxd3 cxd3 29. Qxd3 Qb6+ 30. Qe3 Qa5 31. Qe2 Qa1+ 32. Kg2 Qc1 33. Kg3 a6 34.
Re4 Re8 35. Kh3 Qb1 36. Kg3 Qg1+ 37. Kh3 Qc5 38. Re5 Qd6 39. Re4 Qd5 40. b4
Qf5+ 41. Kg3 Rd8 42. Qe3 Rd5 43. Rd4 e5 44. Rxd5 exf4+ 45. Qxf4 Qxd5 46. Qf6
Qd3+ 47. Kf4 Qd2+ 48. Kg3 Qe3+ 1/2-1/2

[Event "Bayern-chTT (LL Nord)"]
[Site "Bayern 2008/09"]
[Date "2008.10.05"]
[Round "1.2"]
[White "Demburg, Dimitrij"]
[Black "Liepold, Stefan"]
[Result "0-1"]
[WhiteElo "2068"]
[BlackElo "2236"]
[PlyCount "70"]
[EventDate "2009.03.??"]
[EventType "team-tourn"]
[EventRounds "9"]
[WhiteTeam "Nürnberg-NT 2"]
[BlackTeam "Erlangen-SC 1"]

1. e4 e6 2. d4 d5 3. Nd2 a6 4. Bd3 c5 5. exd5 exd5 6. dxc5 Bxc5 7. Ngf3 Qe7+ 8.
Be2 Nf6 9. Nb3 Ba7 10. O-O O-O 11. Bg5 Nc6 12. c3 Re8 13. Re1 Bxf2+ 14. Kxf2
Ne4+ 15. Kf1 Nxg5 16. Qxd5 Nxf3 17. Bxf3 Be6 18. Qc5 Qh4 19. Re4 Qxh2 20. Rae1
Red8 21. Qb6 g6 22. Rxe6 fxe6 23. Rxe6 Rf8 24. Nd4 Nxd4 25. cxd4 Rac8 26. Qxb7
Rc2 27. Re2 Rc1+ 28. Kf2 Qh4+ 29. Ke3 Qf4+ 30. Kd3 Rd1+ 31. Kc2 Rc1+ 32. Kd3
Rd1+ 33. Kc2 Rxd4 34. Re7 Qd2+ 35. Kb3 Qd3# 0-1

[Event "Bayern-chTT (LL Nord)"]
[Site "Bayern 2008/09"]
[Date "2008.10.05"]
[Round "1.3"]
[White "Walter, Thomas(78)"]
[Black "Roth, Norbert"]
[Result "1-0"]
[WhiteElo "2069"]
[BlackElo "2140"]
[PlyCount "62"]
[EventDate "2009.03.??"]
[EventType "team-tourn"]
[EventRounds "9"]
[WhiteTeam "Erlangen-SC 1"]
[BlackTeam "Nürnberg-NT 2"]

1. e4 d6 2. d4 g6 3. Nc3 Bg7 4. f4 Nd7 5. Nf3 c5 6. Bc4 cxd4 7. Nxd4 Ngf6 8.
Be3 O-O 9. O-O Nc5 10. Qf3 Ng4 11. Rad1 Nxe3 12. Qxe3 Nd7 13. Rf2 a6 14. h3 Qc7
15. Bd5 Nb6 16. f5 Qc5 17. a3 a5 18. Rd3 Rb8 19. Qd2 a4 20. Ba2 Bd7 21. fxg6
hxg6 22. Nf3 Nc4 23. Bxc4 Qxc4 24. Nd5 Qxe4 25. Ng5 Qe5 26. Re2 Qxb2 27. Nxe7+
Kh8 28. Re4 Be5 29. Rh4+ Kg7 30. Rh7+ Kf6 31. Nd5+ Kf5 1-0

[Event "Bayern-chTT (LL Nord)"]
[Site "Bayern 2008/09"]
[Date "2008.10.05"]
[Round "1.4"]
[White "Wulfmeyer, Johannes"]
[Black "Martin Fernandez, Rodrigo"]
[Result "1-0"]
[WhiteElo "2098"]
[BlackElo "2030"]
[PlyCount "103"]
[EventDate "2009.03.??"]
[EventType "team-tourn"]
[EventRounds "9"]
[WhiteTeam "Nürnberg-NT 2"]
[BlackTeam "Erlangen-SC 1"]

1. c4 e6 2. Nf3 d5 3. g3 Nf6 4. Bg2 c6 5. b3 Be7 6. Bb2 O-O 7. O-O a5 8. d3 a4
9. Na3 Nbd7 10. Qc2 Bd6 11. e4 dxe4 12. dxe4 Qe7 13. Nb1 axb3 14. axb3 Rxa1 15.
Bxa1 e5 16. Nc3 Re8 17. Na4 Bb4 18. Rd1 b5 19. Nb2 Nc5 20. Nd3 Nxd3 21. Qxd3
Bg4 22. cxb5 cxb5 23. h3 Bxf3 24. Bxf3 Qb7 25. g4 h6 26. h4 Bc5 27. g5 hxg5 28.
hxg5 Nh7 29. g6 Ng5 30. Bg2 fxg6 31. Qd5+ Qxd5 32. Rxd5 Rc8 33. Bxe5 Nf7 34.
Bg3 Rc6 35. Bh3 Bd6 36. e5 Rc1+ 37. Kg2 Be7 38. Rxb5 Ng5 39. Bg4 Ne4 40. Rb8+
Kh7 41. Be6 Nxg3 42. Kxg3 Rd1 43. f4 Rd4 44. Bg8+ Kh8 45. Bf7+ Kh7 46. Re8 Bb4
47. Re6 Rd3+ 48. Kg4 Rxb3 49. Bxg6+ Kg8 50. Re8+ Bf8 51. e6 Rg3+ 52. Kxg3 1-0

[Event "Bayern-chTT (LL Nord)"]
[Site "Bayern 2008/09"]
[Date "2008.10.05"]
[Round "1.5"]
[White "Brumm, Carsten Dr"]
[Black "Willim, Michael"]
[Result "1-0"]
[WhiteElo "2150"]
[BlackElo "2051"]
[PlyCount "43"]
[EventDate "2009.03.??"]
[EventType "team-tourn"]
[EventRounds "9"]
[WhiteTeam "Erlangen-SC 1"]
[BlackTeam "Nürnberg-NT 2"]

1. e4 e6 2. d4 d5 3. e5 Bd7 4. Nf3 a6 5. Bg5 Be7 6. Be3 Bb5 7. Bxb5+ axb5 8.
O-O f6 9. Nc3 b4 10. Ne2 Nd7 11. Nf4 Nf8 12. Qe2 Qd7 13. exf6 Bxf6 14. Bd2 c5
15. Rfe1 Ne7 16. Nd3 cxd4 17. Bxb4 b6 18. Nfe5 Qb5 19. Nf7 Kxf7 20. Ne5+ Bxe5
21. Qxb5 Bf6 22. Qxb6 1-0

[Event "Bayern-chTT (LL Nord)"]
[Site "Bayern 2008/09"]
[Date "2008.10.05"]
[Round "1.7"]
[White "Goetz, Andreas(66)"]
[Black "Just, Hannes"]
[Result "1-0"]
[WhiteElo "2072"]
[BlackElo "2095"]
[PlyCount "121"]
[EventDate "2009.03.??"]
[EventType "team-tourn"]
[EventRounds "9"]
[WhiteTeam "Erlangen-SC 1"]
[BlackTeam "Nürnberg-NT 2"]

1. Nf3 Nf6 2. b3 d6 3. e3 Nbd7 4. d4 g6 5. Bb2 Bg7 6. Be2 O-O 7. O-O b6 8. Nbd2
Bb7 9. c4 c5 10. Re1 Re8 11. d5 b5 12. Qc2 bxc4 13. bxc4 Ba6 14. a4 Rb8 15. Bc3
Bh6 16. Bf1 e5 17. dxe6 Rxe6 18. Rab1 Rxb1 19. Rxb1 Qe7 20. a5 Ng4 21. e4 Ngf6
22. Bd3 Qe8 23. g3 Ne5 24. Nxe5 dxe5 25. Nf3 Nd7 26. Qa4 f6 27. Bc2 Rd6 28. Rd1
Qe6 29. Rd5 Kf7 30. Qb3 Ke7 31. Bb2 Qh3 32. Rxd6 Kxd6 33. Qd3+ Ke7 34. Ba4 Qe6
35. Bb5 Bb7 36. Ba3 Qd6 37. Ne1 a6 38. Bxd7 Kxd7 39. Qxd6+ Kxd6 40. Nd3 Bxe4
41. Nxc5 Bf3 42. Nxa6+ Kc6 43. Be7 f5 44. Nb4+ Kd7 45. Bc5 Bd2 46. Nd3 Bc3 47.
a6 Kc7 48. Kf1 Bd1 49. a7 Kb7 50. Be3 Ka8 51. Nc5 Bd4 52. Bxd4 exd4 53. Ke1 Bf3
54. Ne6 d3 55. Kd2 Be4 56. Nf8 g5 57. Nxh7 g4 58. Ng5 Kxa7 59. Kc3 Kb6 60. Ne6
Ka5 61. Nc5 1-0

[Event "Bayern-chTT (LL Nord)"]
[Site "Bayern 2008/09"]
[Date "2008.10.05"]
[Round "1.8"]
[White "Sporrer, Bernhard"]
[Black "Bachstein, Dustin"]
[Result "0-1"]
[WhiteElo "2054"]
[BlackElo "2017"]
[PlyCount "89"]
[EventDate "2009.03.??"]
[EventType "team-tourn"]
[EventRounds "9"]
[WhiteTeam "Nürnberg-NT 2"]
[BlackTeam "Erlangen-SC 1"]

1. e4 c5 2. c3 d5 3. exd5 Qxd5 4. d4 Nc6 5. Nf3 Bg4 6. Be2 cxd4 7. cxd4 e6 8.
h3 Bxf3 9. Bxf3 Bb4+ 10. Nc3 Qc4 11. d5 exd5 12. Bxd5 Bxc3+ 13. bxc3 Qxc3+ 14.
Bd2 Qe5+ 15. Qe2 Qxe2+ 16. Kxe2 Nge7 17. Be4 f5 18. Bd3 Nd4+ 19. Kd1 O-O-O 20.
Bg5 Ne6 21. Rc1+ Kb8 22. Bxe7 Rxd3+ 23. Kc2 Rd7 24. Bb4 Nf4 25. Rcd1 Rhd8 26.
Rxd7 Rxd7 27. Bc3 Nd5 28. Be5+ Kc8 29. a3 Re7 30. f4 Ne3+ 31. Kd3 Nxg2 32. Rg1
Rd7+ 33. Ke2 Nh4 34. Bxg7 Ng6 35. Bh6 Rd4 36. Rf1 Kd7 37. Rf3 Kc6 38. Bg5 b5
39. h4 h5 40. Kf2 Kd5 41. Rb3 Kc4 42. Rb4+ Kc5 43. Rb3 a5 44. Ke3 Kc4 45. Rb1
0-1

[Event "Bayern-chTT (LL Nord)"]
[Site "Bayern 2008/09"]
[Date "2008.10.26"]
[Round "2.1"]
[White "Vagner, Tomas"]
[Black "Kreuzer, Martin ProfDr"]
[Result "1/2-1/2"]
[WhiteElo "2216"]
[BlackElo "2337"]
[PlyCount "124"]
[EventDate "2009.03.??"]
[EventType "team-tourn"]
[EventRounds "9"]
[WhiteTeam "Erlangen-SC 1"]
[BlackTeam "Kelheim 1"]

1. e4 e5 2. Nf3 Nc6 3. Bc4 Bc5 4. O-O Nf6 5. d3 d6 6. h3 Qe7 7. c3 Be6 8. Bb5
Bd7 9. b4 Bb6 10. a4 a6 11. Bc4 O-O 12. Bg5 h6 13. Bh4 Be6 14. Nbd2 Ba7 15. Bd5
Nd8 16. d4 c6 17. Bxe6 Qxe6 18. dxe5 dxe5 19. Bg3 Nd7 20. Qb3 Qxb3 21. Nxb3 f6
22. Rfd1 Rf7 23. Rd6 Bb8 24. Rd3 Bc7 25. Rad1 Nf8 26. Nh4 Nde6 27. Nf5 Rd8 28.
Rxd8 Nxd8 29. Nc5 Nfe6 30. Nd6 Bxd6 31. Rxd6 Re7 32. f3 Kf7 33. Bf2 Nxc5 34.
Bxc5 Ne6 35. Be3 Ke8 36. Bb6 Rd7 37. Rxd7 Kxd7 38. Be3 c5 39. Kf2 b6 40. bxc5
bxc5 41. Kg3 h5 42. Kh4 g6 43. g3 Kd6 44. f4 c4 45. f5 gxf5 46. exf5 Ng7 47. g4
hxg4 48. Kxg4 Ke7 49. Bc5+ Kf7 50. h4 Ne8 51. Kf3 Kg7 52. Ke4 Kh6 53. Be7 Kh5
54. Bxf6 Nxf6+ 55. Kxe5 Nh7 56. Kd5 Kxh4 57. Kxc4 Kg5 58. Kc5 Kxf5 59. Kb6 Ke6
60. Kxa6 Kd6 61. Kb7 Nf6 62. a5 Ne4 1/2-1/2

[Event "Bayern-chTT (LL Nord)"]
[Site "Bayern 2008/09"]
[Date "2008.10.26"]
[Round "2.2"]
[White "Giessmann, Stephan(73)"]
[Black "Horak, Michal"]
[Result "1-0"]
[WhiteElo "2150"]
[BlackElo "2286"]
[PlyCount "81"]
[EventDate "2009.03.??"]
[EventType "team-tourn"]
[EventRounds "9"]
[WhiteTeam "Kelheim 1"]
[BlackTeam "Erlangen-SC 1"]

1. d4 Nf6 2. Nf3 g6 3. Bg5 Bg7 4. Nbd2 O-O 5. e3 d6 6. Be2 c5 7. c3 cxd4 8.
exd4 Nc6 9. O-O a6 10. a4 Rb8 11. Re1 b5 12. axb5 axb5 13. Bd3 Qc7 14. h3 b4
15. c4 e5 16. d5 Ne7 17. Bxf6 Bxf6 18. Ne4 Bg7 19. c5 Nxd5 20. cxd6 Qb6 21. Bc4
Nf4 22. d7 Bb7 23. Nfg5 Bxe4 24. Rxe4 Rbd8 25. Ra6 Qb7 26. Rd6 h6 27. Nxf7 Qxe4
28. Nxd8+ Kh7 29. Bd5 Qf5 30. Nc6 Nxd5 31. Rxd5 Qxf2+ 32. Kh1 Bf6 33. d8=Q Bxd8
34. Rxd8 Rxd8 35. Nxd8 Qf5 36. Nc6 b3 37. Qxb3 e4 38. Qg3 h5 39. Ne5 Kg7 40.
Qxg6+ Qxg6 41. Nxg6 1-0

[Event "Bayern-chTT (LL Nord)"]
[Site "Bayern 2008/09"]
[Date "2008.10.26"]
[Round "2.3"]
[White "Promyshlyanskiy, Vitaliy"]
[Black "Kreuzer, Helmut"]
[Result "1-0"]
[WhiteElo "2201"]
[BlackElo "2194"]
[PlyCount "161"]
[EventDate "2009.03.??"]
[EventType "team-tourn"]
[EventRounds "9"]
[WhiteTeam "Erlangen-SC 1"]
[BlackTeam "Kelheim 1"]

1. e4 c5 2. Nc3 Nc6 3. f4 g6 4. Nf3 Bg7 5. Bb5 d6 6. Bxc6+ bxc6 7. d3 Nf6 8.
O-O O-O 9. Qe1 Bg4 10. Qh4 Qd7 11. Bd2 Rab8 12. b3 Bxf3 13. Rxf3 Qg4 14. Qf2
Qc8 15. f5 Nd5 16. exd5 Bd4 17. Re3 Qxf5 18. Qxf5 gxf5 19. Kf1 Bxe3 20. Bxe3 e6
21. Bf4 Rfd8 22. Bg5 Rd7 23. dxc6 Rc7 24. Bf6 Rxc6 25. Re1 h6 26. Re3 Kh7 27.
Rg3 Rg8 28. Rxg8 Kxg8 29. h4 Kf8 30. Kf2 Rb6 31. Kf3 a6 32. Ne2 Rb4 33. c4 Rb8
34. Ke3 Ke8 35. g3 Kd7 36. Bg7 Rg8 37. Bc3 e5 38. Kf3 h5 39. Ba5 Rg4 40. Be1
Kc6 41. Nc3 f4 42. Nd5 fxg3 43. Bxg3 Rd4 44. Ke3 Kd7 45. Nf6+ Ke6 46. Nxh5 Rg4
47. Kf3 f5 48. Bf2 Kf7 49. a3 Kg6 50. Ng3 Rxh4 51. b4 cxb4 52. axb4 Kf6 53. Ke2
Rh7 54. Nf1 Rb7 55. Ne3 Ke6 56. Nd5 Rg7 57. Kf3 Rh7 58. Nc3 Rh3+ 59. Ke2 e4 60.
Nd5 exd3+ 61. Kd2 Ke5 62. Be3 Ke4 63. Nc3+ Kf3 64. Kxd3 Rh4 65. Nd5 Rh1 66. Kc3
Ke4 67. Bf4 Rh3+ 68. Kc2 Kd4 69. Nb6 Rc3+ 70. Kd2 Rd3+ 71. Ke2 Ke4 72. Bd2 Rg3
73. Nd5 Rg2+ 74. Kd1 Rf2 75. Kc2 Ke5 76. Kd3 Rf3+ 77. Be3 Rf1 78. Bf4+ Ke6 79.
Ke2 Rb1 80. Nc7+ Kd7 81. Nxa6 1-0

[Event "Bayern-chTT (LL Nord)"]
[Site "Bayern 2008/09"]
[Date "2008.10.26"]
[Round "2.4"]
[White "Fuhrmann, Max(90)"]
[Black "Liepold, Stefan"]
[Result "1/2-1/2"]
[WhiteElo "2122"]
[BlackElo "2236"]
[PlyCount "106"]
[EventDate "2009.03.??"]
[EventType "team-tourn"]
[EventRounds "9"]
[WhiteTeam "Kelheim 1"]
[BlackTeam "Erlangen-SC 1"]

1. e4 c5 2. Nf3 d6 3. d4 cxd4 4. Nxd4 Nf6 5. Nc3 Nc6 6. Be2 e5 7. Nb3 Be7 8.
Be3 O-O 9. Bf3 a5 10. Na4 Be6 11. c4 Bxc4 12. Nb6 Bxb3 13. Qxb3 a4 14. Qd1 Ra6
15. Nxa4 b5 16. Nc3 b4 17. Nd5 Nxd5 18. Qxd5 Nd4 19. Bd1 Ra5 20. Qc4 Qa8 21.
O-O b3 22. Bxb3 Nxb3 23. Qxb3 Qxe4 24. Rfe1 Qa8 25. Bd2 Ra4 26. a3 Rb8 27. Qc2
Rg4 28. g3 h5 29. Bb4 h4 30. Qe2 Rg6 31. Rad1 hxg3 32. hxg3 Rc8 33. Qe4 Qxe4
34. Rxe4 f5 35. Re2 f4 36. Kg2 fxg3 37. fxg3 Rc4 38. Be1 Kf7 39. b4 Ke6 40. a4
d5 41. Rb2 d4 42. a5 Kd5 43. Ra1 Rgc6 44. a6 Rc2+ 45. Rxc2 Rxc2+ 46. Kf1 Rc8
47. b5 Bc5 48. Ba5 Ra8 49. Bc7 d3 50. b6 Kc6 51. Bxe5 Kxb6 52. Bxg7 Rxa6 53.
Rxa6+ Kxa6 1/2-1/2

[Event "Bayern-chTT (LL Nord)"]
[Site "Bayern 2008/09"]
[Date "2008.10.26"]
[Round "2.5"]
[White "Walter, Thomas(78)"]
[Black "Eibl, Maximilian"]
[Result "0-1"]
[WhiteElo "2069"]
[BlackElo "2013"]
[PlyCount "132"]
[EventDate "2009.03.??"]
[EventType "team-tourn"]
[EventRounds "9"]
[WhiteTeam "Erlangen-SC 1"]
[BlackTeam "Kelheim 1"]

1. e4 c5 2. Nf3 d6 3. d4 cxd4 4. Nxd4 Nf6 5. Nc3 a6 6. Bg5 e6 7. f4 Qb6 8. Qd3
Nc6 9. O-O-O Nxd4 10. Qxd4 Qxd4 11. Rxd4 Be7 12. Be2 h6 13. Bxf6 gxf6 14. f5
Bd7 15. Bh5 O-O 16. Rf1 Rac8 17. Rf3 Rc5 18. b4 Re5 19. Kd2 Kh7 20. Bg4 Rg8 21.
Bh3 Rg5 22. Rc4 Bc6 23. Rd3 Kg7 24. a4 exf5 25. exf5 Bxg2 26. Rc7 d5 27. Ne2
Be4 28. Rg3 Bxb4+ 29. c3 Bd6 30. Rd7 Bc5 31. Nf4 Rxg3 32. hxg3 Bxf5 33. Bxf5
Be3+ 34. Kd3 Bxf4 35. gxf4 Rxf5 36. Ke3 b5 37. a5 h5 38. Kf3 Kg6 39. Rd6 h4 40.
Rxa6 h3 41. Kg3 Rxf4 42. Rd6 Rc4 43. Rxd5 Rxc3+ 44. Kh2 b4 45. a6 Ra3 46. Rd6
Kg5 47. Rb6 f5 48. Rxb4 f4 49. Rb7 Kg4 50. Rxf7 Ra2+ 51. Kh1 Rxa6 52. Rb7 Ra1+
53. Kh2 Ra2+ 54. Kh1 Kg3 55. Rg7+ Kf3 56. Rb7 Kg3 57. Rg7+ Kf2 58. Rh7 f3 59.
Rxh3 Ke2 60. Rh6 Ra1+ 61. Kh2 f2 62. Re6+ Kd3 63. Rd6+ Ke4 64. Re6+ Kd5 65. Re3
f1=Q 66. Rf3 Qg1+ 0-1

[Event "Bayern-chTT (LL Nord)"]
[Site "Bayern 2008/09"]
[Date "2008.10.26"]
[Round "2.6"]
[White "Kreuzer, Gerhard"]
[Black "Martin Fernandez, Rodrigo"]
[Result "0-1"]
[WhiteElo "2189"]
[BlackElo "2030"]
[PlyCount "92"]
[EventDate "2009.03.??"]
[EventType "team-tourn"]
[EventRounds "9"]
[WhiteTeam "Kelheim 1"]
[BlackTeam "Erlangen-SC 1"]

1. c4 e6 2. Nf3 d5 3. g3 Nf6 4. Bg2 Be7 5. O-O O-O 6. d3 c6 7. Nc3 Nbd7 8. Qc2
Qc7 9. e4 dxc4 10. dxc4 e5 11. Na4 Nc5 12. Nxc5 Bxc5 13. Bd2 a5 14. Bc3 Re8 15.
b3 Ba3 16. Rfe1 Bg4 17. h3 Bxf3 18. Bxf3 Bb4 19. a3 Bxc3 20. Qxc3 c5 21. Rad1
Rad8 22. Kg2 Rd4 23. Rxd4 exd4 24. Qd2 Nd7 25. Bg4 Ne5 26. f4 Nxg4 27. hxg4 b6
28. Qd3 f6 29. a4 Qc6 30. Kf2 g6 31. Qf3 Kg7 32. Qd3 Qd7 33. Kf3 Re7 34. f5 Qc6
35. Rh1 Re5 36. Kf4 Qd6 37. Kf3 Qc6 38. Kf4 Qe8 39. Kf3 h5 40. Rh4 hxg4+ 41.
Rxg4 g5 42. Qf1 Qh5 43. Qf2 Qh1+ 44. Ke2 Qb1 45. Qf3 Qc2+ 46. Ke1 Qc3+ 0-1

[Event "Bayern-chTT (LL Nord)"]
[Site "Bayern 2008/09"]
[Date "2008.10.26"]
[Round "2.7"]
[White "Klek, Hanna-Marie"]
[Black "Frieser, Klaus"]
[Result "0-1"]
[WhiteElo "1926"]
[BlackElo "2107"]
[PlyCount "104"]
[EventDate "2009.03.??"]
[EventType "team-tourn"]
[EventRounds "9"]
[WhiteTeam "Erlangen-SC 1"]
[BlackTeam "Kelheim 1"]

1. e4 e5 2. Nf3 Nf6 3. Nxe5 d6 4. Nf3 Nxe4 5. Nc3 Nxc3 6. dxc3 Nc6 7. Bf4 Bg4
8. Be2 Qd7 9. Qd2 O-O-O 10. O-O-O h6 11. h3 Be6 12. h4 a6 13. Kb1 Be7 14. g3
Bf6 15. Rhe1 Rhe8 16. Be3 Kb8 17. Nd4 Ne5 18. Nxe6 fxe6 19. Bd4 Qa4 20. Qc1 Nd7
21. Bf3 e5 22. Be3 e4 23. Bg2 Qb5 24. Bd4 d5 25. Bf1 Qc6 26. Be3 Ne5 27. Be2 b5
28. Rf1 Nc4 29. Bd4 Rf8 30. f3 exf3 31. Bxf3 g5 32. Bxf6 Qxf6 33. Bg2 Qe5 34.
hxg5 Rxf1 35. Bxf1 hxg5 36. Bxc4 bxc4 37. Rg1 Rf8 38. Qd1 c6 39. g4 Rf4 40. Rf1
Kc7 41. a3 Kd6 42. Rh1 Qe6 43. Rg1 Qe3 44. Rh1 Qe6 45. Rg1 Qe4 46. Rg3 a5 47.
Qg1 a4 48. Qh2 Kc5 49. Qg1+ Kd6 50. Qh2 Rf1+ 51. Ka2 Qe5 52. Qg2 Qe1 0-1